| 000 | 00584cam5a220021700 4500 | ||
|---|---|---|---|
| 001 | zam00002833 | ||
| 008 | 951128s1980 xx eng u | ||
| 035 | _a(Sirsi) r20172 | ||
| 035 | _a(MACHINE)SLC. | ||
| 100 |
_aHulse, S. H. _6A81421.1 |
||
| 245 | 1 | 4 | _aThe psychology of learning. |
| 260 | _c1980. | ||
| 949 |
_aBF318 _wlcc _mMAIN _tBOOK _lON-SHELF |
||
| 004 | 20172 | ||
| 591 | _aClass code: PS 100. | ||
| 591 | _aCourse: Introduction to psychology. | ||
| 591 | _aSchool: S05. | ||
| 591 | _aLecturer: Mr. KASESE, C.M. | ||
| 591 | _aNumber of Students: 12. | ||
| 909 | _aBook | ||
| 999 |
_c8408 _d8408 |
||